000
00293nam a22001337a 4500
008
180806b xxu||||| |||| 00| 0 eng d
082
_a
813.52
245
_a
Learning logic 4.0
_c
HURLEY.P.J
260
_c
2006
300
_a
1
_f
CD
440
_x
049500023X
760
_b
9 th
942
_2
ddc
_c
MX
999
_c
46806
_d
46806